<?xml version="1.0" encoding="UTF-8"?>
<record
    xmlns:xsi="http://www.w3.org/2001/XMLSchema-instance"
    xsi:schemaLocation="http://www.loc.gov/MARC21/slim http://www.loc.gov/standards/marcxml/schema/MARC21slim.xsd"
    xmlns="http://www.loc.gov/MARC21/slim">

  <leader>01201nam a2200193Ia 4500</leader>
  <datafield tag="952" ind1=" " ind2=" ">
    <subfield code="0">0</subfield>
    <subfield code="1">0</subfield>
    <subfield code="2">lcc</subfield>
    <subfield code="4">0</subfield>
    <subfield code="7">0</subfield>
    <subfield code="a">08</subfield>
    <subfield code="b">08</subfield>
    <subfield code="d">2011-03-29</subfield>
    <subfield code="l">4</subfield>
    <subfield code="o">HG4026 L665 2002</subfield>
    <subfield code="p">08 003985</subfield>
    <subfield code="r">2015-08-26</subfield>
    <subfield code="s">2015-08-25</subfield>
    <subfield code="t">1</subfield>
    <subfield code="w">2012-07-20</subfield>
    <subfield code="y">LB</subfield>
  </datafield>
  <datafield tag="999" ind1=" " ind2=" ">
    <subfield code="c">82943</subfield>
    <subfield code="d">82943</subfield>
  </datafield>
  <controlfield tag="008">120721s2002    mx            000 0 spa d</controlfield>
  <datafield tag="020" ind1=" " ind2=" ">
    <subfield code="a">8448136063</subfield>
  </datafield>
  <datafield tag="050" ind1="0" ind2="4">
    <subfield code="a">HG4026</subfield>
    <subfield code="b">L665 2002</subfield>
  </datafield>
  <datafield tag="100" ind1="1" ind2="0">
    <subfield code="a">L&#xF3;pez Lubian, Francisco</subfield>
    <subfield code="e">autor</subfield>
  </datafield>
  <datafield tag="245" ind1="1" ind2="3">
    <subfield code="a">Finanzas corporativas en la pr&#xE1;ctica</subfield>
    <subfield code="c"> / Francisco L&#xF3;pez Lubi&#xE1;n, Walter de Luna</subfield>
  </datafield>
  <datafield tag="260" ind1=" " ind2=" ">
    <subfield code="a">Espa&#xF1;a : Madrid </subfield>
    <subfield code="b">: McGraw-Hill</subfield>
    <subfield code="c">, 2002</subfield>
  </datafield>
  <datafield tag="300" ind1=" " ind2=" ">
    <subfield code="a">253 p&#xE1;ginas</subfield>
  </datafield>
  <datafield tag="490" ind1=" " ind2=" ">
    <subfield code="a">Serie McGraw-Hill de Management</subfield>
  </datafield>
  <datafield tag="505" ind1=" " ind2=" ">
    <subfield code="a">La nueva direcci&#xF3;n financiera
Elementos en la gestion del circulante
Decisiones de inversi&#xF3;n en la pr&#xE1;ctica
Introduciendo el valor de la flexibilidad en la medida del valor econ&#xF3;mico
Evaluaci&#xF3;n de proyectos especiales: el project finance
Valoraci&#xF3;n de negocios
Valoraci&#xF3;n de participaci&#xF3;n minoritarias y tomas de control: el caso residencias tercera vida
Valoraci&#xF3;n de empresa con alta volatilidad: el grupo Zeltia
Decisiones de financiaci&#xF3;n en la pr&#xE1;ctica
Pol&#xED;ticas de retribuci&#xF3;n al capital</subfield>
  </datafield>
  <datafield tag="519" ind1=" " ind2=" ">
    <subfield code="a">Plan Flexible /</subfield>
    <subfield code="b">Mtr&#xED;a. en Administraci&#xF3;n de Negocios / </subfield>
    <subfield code="c">Finanzas Corporativas (P03-3) /</subfield>
    <subfield code="d">(08 003985)</subfield>
  </datafield>
  <datafield tag="650" ind1="1" ind2="0">
    <subfield code="a">Finanzas Corporativas</subfield>
  </datafield>
  <datafield tag="700" ind1=" " ind2=" ">
    <subfield code="a">Luna Butz, Walter de,</subfield>
    <subfield code="e">Coaut.</subfield>
  </datafield>
  <datafield tag="942" ind1=" " ind2=" ">
    <subfield code="2">lcc</subfield>
    <subfield code="c">LB</subfield>
  </datafield>
</record>
